City centre property prices continue to rise (Record no. 72832)
[ view plain ]
| 000 -LEADER | |
|---|---|
| fixed length control field | 01073cam a2200205 4500 |
| 001 - CONTROL NUMBER | |
| control field | WB3921-11 |
| 008 - FIXED-LENGTH DATA ELEMENTS--GENERAL INFORMATION | |
| fixed length control field | 030605n2003 000 0 eng u |
| 035 ## - SYSTEM CONTROL NUMBER | |
| System control number | (Sirsi) u122530 |
| 245 ## - TITLE STATEMENT | |
| Title | City centre property prices continue to rise |
| 260 ## - PUBLICATION, DISTRIBUTION, ETC. | |
| Date of publication, distribution, etc. | 2003 |
| 490 ## - SERIES STATEMENT | |
| Series statement | Halifax Building Society Press Release |
| Volume/sequential designation | 24 May 2003 (4) |
| 520 ## - SUMMARY, ETC. | |
| Summary, etc. | According to new research from Halifax Estate Agents, the average price of housing per sq m in major UK cities is continuing to increase, reflecting the increased demand for city living as well as the regeneration and investment in the major cities. The market in cities such as York and Oxford is particularly buoyant due to the popularity of the buy-to-let sector. The investment in transport and amenities has attracted buyers to the cities. London continues to be the most expensive city. http://www.hbosplc.com/media/pressreleases/articles/halifax/2003-05-24-00.asp. |
| 590 ## - LOCAL NOTE (RLIN) | |
| Local note | WB |
| 650 ## - SUBJECT ADDED ENTRY--TOPICAL TERM | |
| Topical term or geographic name entry element | HOUSE PRICES |
| 650 ## - SUBJECT ADDED ENTRY--TOPICAL TERM | |
| Topical term or geographic name entry element | LONDON |
| 650 ## - SUBJECT ADDED ENTRY--TOPICAL TERM | |
| Topical term or geographic name entry element | CITY CENTRES |
| 650 ## - SUBJECT ADDED ENTRY--TOPICAL TERM | |
| Topical term or geographic name entry element | BUY-TO-LET |
| 690 ## - LOCAL SUBJECT ADDED ENTRY--TOPICAL TERM (OCLC, RLIN) | |
| Topical term or geographic name as entry element | HOUSING |
| 942 ## - ADDED ENTRY ELEMENTS (KOHA) | |
| Suppress in OPAC | 0 |
| Withdrawn status | Lost status | Source of classification or shelving scheme | Damaged status | Not for loan | Home library | Current library | Shelving location | Date acquired | Total Checkouts | Full call number | Barcode | Date last seen | Copy number | Price effective from | Koha item type |
|---|---|---|---|---|---|---|---|---|---|---|---|---|---|---|---|
| Dewey Decimal Classification | London | London | News article | 05/06/2003 | WB3921-11 | 122530-1001 | 06/08/2019 | 1 | 06/08/2019 | News article |